书目信息 |
| 题名: |
先秦道家的道德世界
|
|
| 作者: | 许建良 著 | |
| 分册: | ||
| 出版信息: | 北京 中国社会科学出版社 2006 |
|
| 页数: | 473页 | |
| 开本: | 21cm | |
| 丛书名: | ||
| 单 册: | ||
| 中图分类: | B223.05 | |
| 科图分类: | ||
| 主题词: | 道家--研究--中国--先秦时代 , 道家 | |
| 电子资源: | ||
| ISBN: | 978-7-5004-6039-8 | |
| 000 | 00814nam0 2200253 450 | |
| 001 | 003382658 | |
| 005 | 20080225095810.92 | |
| 010 | @a978-7-5004-6039-8@dCNY38.00 | |
| 035 | @a003382658 | |
| 100 | @a20070228d2006 em y0chiy0110 ea | |
| 101 | 0 | @achi |
| 102 | @aCN@b110000 | |
| 105 | @ay z 000yy | |
| 106 | @ar | |
| 200 | 1 | @a先秦道家的道德世界@Axian qin dao jia de dao de shi jie@f许建良著 |
| 210 | @a北京@c中国社会科学出版社@d2006 | |
| 215 | @a473页@d21cm | |
| 330 | @a本书论述了老子“孔德之容,惟道是从”的道德思想,研究了《黄帝四经》的道德思想和庄子的道德思想,阐述了《庄子》德兼于道,道兼于天的道德思想。 | |
| 606 | 0 | @a道家@x研究@y中国@z先秦时代 |
| 606 | 0 | @a道家 |
| 690 | @aB223.05@v4 | |
| 701 | 0 | @a许建良@Axu jian liang@c(哲学)@4著 |
| 801 | 0 | @aCN@bNLC@c20080225 |
| 905 | @dB223.05@e359@f4 | |
| 先秦道家的道德世界/许建良著.-北京:中国社会科学出版社,2006 |
| 473页;21cm |
| ISBN 978-7-5004-6039-8:CNY38.00 |
| 本书论述了老子“孔德之容,惟道是从”的道德思想,研究了《黄帝四经》的道德思想和庄子的道德思想,阐述了《庄子》德兼于道,道兼于天的道德思想。 |
| ● |
| 相关链接 |
|
|
|
|
正题名:先秦道家的道德世界
索取号:B223.05/359
 
预约/预借
| 序号 | 登录号 | 条形码 | 馆藏地/架位号 | 状态 | 备注 |
| 1 | 0793372 | 207933726 | 第一样本阅览室/ [索取号:B223.05/359] | 在馆 | |
| 2 | 0793373 | 207933735 | 第一借阅区/ [索取号:B223.05/359] | 在馆 | |
| 3 | 0793374 | 207933744 | 第一借阅区/ [索取号:B223.05/359] | 在馆 | |
| 4 | 0793375 | 207933753 | 第一借阅区/ [索取号:B223.05/359] | 在馆 |